| 000 | 00652nam a2200193Ia 4500 | ||
|---|---|---|---|
| 003 | GCL | ||
| 008 | 140319s9999 xx 000 0 ara d | ||
| 040 |
_aGCL / _cGCL |
||
| 082 | 0 | 4 |
_a370.732 _bو م |
| 100 | 1 | _aوليد عبد اللطيف هوانة | |
| 245 | 1 | 0 |
_aالمدخل فى اعدادالمناهج الدراسية / _cوليد عبد اللطيف هوانة |
| 260 |
_a[S.N] : _bدار المريخ للنشر ، _c1988 |
||
| 300 | _a311 ص | ||
| 490 |
_aمجموعة الكتب الهندسية _v0 |
||
| 650 | 0 | 4 | _aمناهج التعليم |
| 650 | 0 | 4 | _aالتعليم |
| 650 | 0 | 4 | _aالتخطيط التربوى |
| 942 |
_2ddc _cBK |
||
| 999 |
_c46130 _d46130 |
||